Zdravotnická pracovnice časopis pro střední a nižší zdravotnické pracovníky
| New Title: | Sestra |
|---|---|
| Format: | Journal |
| Language: | Czech |
| PhysicalDescription: | 41 zv. 25 cm |
| Published: |
Praha
Státní zdravotnické nakladatelství Avicenum
1951-1991
Praha Avicenum |
| ISSN: | 0049-8572 1210-0404 |
| Subjects: |
MARC
| LEADER | 00000cas a2200000 a 4500 | ||
|---|---|---|---|
| 001 | vtls008881723 | ||
| 003 | SK-MaSNL | ||
| 005 | 20260228162209.0 | ||
| 008 | 020208d19511991xr mr p 0 0 b0cze c | ||
| 022 | |a 0049-8572 | ||
| 035 | |a (SVKBB03)vtls000105136 | ||
| 040 | |a SVKBB |b slo |c SVKBB |d SNK |e AACR2 | ||
| 041 | 0 | |a cze | |
| 044 | |a xr |c CZ | ||
| 072 | 7 | |a 616 |x Patológia. Klinická medicína |2 konspekt | |
| 072 | 7 | |a 614 |x Verejné zdravie a hygiena |2 konspekt | |
| 080 | |a 616-083 |2 2011 | ||
| 080 | |a 616-051 |2 2011 | ||
| 080 | |a 614.253.5-055.2 |2 2011 | ||
| 080 | |a (051)-027.561 |2 2011 | ||
| 210 | 0 | |a Zdrav. prac. | |
| 222 | 0 | |a Zdravotnická pracovnice | |
| 245 | 0 | 0 | |a Zdravotnická pracovnice |b časopis pro střední a nižší zdravotnické pracovníky |
| 260 | |a Praha |b Státní zdravotnické nakladatelství Avicenum |c 1951-1991 | ||
| 260 | |3 1975-1991 |a Praha |b Avicenum | ||
| 300 | |a 41 zv. |c 25 cm | ||
| 310 | |a 1x mesačne | ||
| 362 | 0 | |a Roč. 1, č. 1 (1951)-roč. 41, č. 3 (1991) | |
| 500 | |a Od roku 1981 vydáva Československá lékařská společnost J. E. Purkyně v Avicenu, Praha | ||
| 500 | |a Podnázov sa mení | ||
| 650 | 0 | 7 | |a ošetrovateľstvo |2 SNKPH |9 2557 |
| 650 | 0 | 7 | |a zdravotnícki pracovníci |2 SNKPH |9 16074 |
| 650 | 0 | 7 | |a zdravotné sestry |2 SNKPH |9 70278 |
| 655 | 7 | |a odborné časopisy |2 SNKPH |9 70505 | |
| 710 | 2 | |a Československá lékařská společnost J.E. Purkyně |4 pbl |9 270547 | |
| 785 | 0 | 0 | |t Sestra |x 1210-0404 |w vtls001482460 |
| 910 | |a snk | ||
| 999 | |c 7092 |d 9022 | ||
| 952 | |0 0 |1 1 |4 0 |7 0 |a SNK |b SNK |d 1997-03-20 |l 0 |o snkČD 136/34/1984 |p 17A0056255 |r 2005-01-02 00:00:00 |t č. 1-12 |w 2026-02-21 |y PREZ | ||
| 952 | |0 0 |1 1 |4 0 |7 0 |a SNK |b SNK |d 1997-04-01 |l 0 |o snkČD 136/31/1981 |p 17A0057441 |r 2005-01-02 00:00:00 |t č. 1-12 |w 2026-02-21 |y PREZ | ||
| 952 | |0 0 |1 1 |4 0 |7 0 |a SNK |b SNK |d 1997-03-27 |l 0 |o snkČD 136/41/1991 |p 17A0057336 |r 2005-01-02 00:00:00 |t č. 1-3 |w 2026-02-21 |y PREZ | ||
| 952 | |0 0 |1 1 |4 0 |7 0 |a SNK |b SNK |d 2009-12-14 |i snkČIP 491/57 |l 0 |o snkČD 136/6/1956 |p 17A0636147 |r 2026-02-21 19:31:22 |t č. 1-12 |w 2026-02-21 |y PREZ | ||
| 952 | |0 0 |1 0 |4 0 |7 0 |a SNK |b SNK |d 1998-07-08 |l 0 |o snkČD 136/15/1965 |p 17A0148074 |r 2005-01-02 00:00:00 |t č. 1-12 |w 2026-02-21 |y PREZ | ||
| 952 | |0 0 |1 1 |4 0 |7 0 |a SNK |b SNK |d 2011-08-03 |i snkČIP 511/76 |l 0 |o snkČD 136/25/1975 |p 17A0708309 |r 2026-02-21 20:14:33 |t č. 1-12 |w 2026-02-21 |y PREZ | ||
| 952 | |0 0 |1 1 |4 0 |7 0 |a SNK |b SNK |d 2011-07-11 |i snkČIP 1035/75 |l 0 |o snkČD 136/24/1974 |p 17A0708023 |r 2026-02-21 20:16:52 |t č. 1-12 |w 2026-02-21 |y PREZ | ||
| 952 | |0 0 |1 1 |4 0 |7 0 |a SNK |b SNK |d 1997-12-10 |l 0 |o snkČD 136/1/1951 |p 17A0114724 |r 2005-01-02 00:00:00 |t č. 1-3 |w 2026-02-21 |y PREZ | ||
| 952 | |0 0 |1 1 |4 0 |7 0 |a SNK |b SNK |d 2003-09-29 |i snkČIP 347/77 |l 0 |o snkČD 136/26/1976 |p 17A0397682 |r 2005-01-02 00:00:00 |t č. 1-12 |w 2026-02-21 |y PREZ | ||
| 952 | |0 0 |1 1 |4 0 |7 0 |a SNK |b SNK |d 1997-12-10 |l 0 |o snkČD 136/2/1952 |p 17A0114778 |r 2005-01-02 00:00:00 |t č. 1-7 |w 2026-02-21 |y PREZ | ||
| 952 | |0 0 |1 1 |4 0 |7 0 |a SNK |b SNK |d 1998-01-26 |l 0 |o snkČD 136/18/1968 |p 17A0119530 |r 2005-01-02 00:00:00 |t č. 1-12 |w 2026-02-21 |y PREZ | ||
| 952 | |0 0 |1 1 |4 0 |7 0 |a SNK |b SNK |d 1998-05-06 |l 0 |o snkČD 136/30/1980 |p 17A0137623 |r 2005-01-02 00:00:00 |t č. 1-12 |w 2026-02-21 |y PREZ | ||
| 952 | |0 0 |1 1 |4 0 |7 0 |a SNK |b SNK |d 1998-12-08 |l 0 |o snkČD 136/8/1957 |p 17A0173092 |r 2005-01-02 00:00:00 |w 2026-02-21 |y PREZ | ||
| 952 | |0 0 |1 1 |4 0 |7 0 |a SNK |b SNK |d 1998-12-08 |l 0 |o snkČD 136/9/1959 |p 17A0172592 |r 2005-01-02 00:00:00 |w 2026-02-21 |y PREZ | ||
| 952 | |0 0 |1 1 |4 0 |7 0 |a SNK |b SNK |d 1998-12-14 |l 0 |o snkČD 136/10/1960 |p 17A0173753 |r 2005-01-02 00:00:00 |t č. 1-12 |w 2026-02-21 |y PREZ | ||
| 952 | |0 0 |1 1 |4 0 |7 0 |a SNK |b SNK |d 1998-12-14 |l 0 |o snkČD 136/11/1961 |p 17A0173905 |r 2005-01-02 00:00:00 |t č. 1-12 |w 2026-02-21 |y PREZ | ||
| 952 | |0 0 |1 0 |4 0 |7 0 |a SNK |b SNK |d 1998-12-14 |l 0 |o snkČD 136/13/1963 |p 17A0173904 |r 2005-01-02 00:00:00 |t č. 1-12 |w 2026-02-21 |y PREZ | ||
| 952 | |0 0 |1 1 |4 0 |7 0 |a SNK |b SNK |d 1998-12-14 |l 0 |o snkČD 136/17/1967 |p 17A0173750 |r 2005-01-02 00:00:00 |t č. 1-12 |w 2026-02-21 |y PREZ | ||
| 952 | |0 0 |1 0 |4 0 |7 0 |a SNK |b SNK |d 1998-12-14 |l 0 |o snkČD 136/8/1958 |p 17A0173752 |r 2005-01-02 00:00:00 |t č. 1-12 |w 2026-02-21 |y PREZ | ||
| 952 | |0 0 |1 1 |4 0 |7 0 |a SNK |b SNK |d 1999-03-03 |l 0 |o snkČD 136/28/1978 |p 17A0184920 |r 2005-01-02 00:00:00 |t č. 1-12 |w 2026-02-21 |y PREZ | ||
| 952 | |0 0 |1 1 |4 0 |7 0 |a SNK |b SNK |d 1999-03-03 |l 0 |o snkČD 136/33/1983 |p 17A0184604 |r 2005-01-02 00:00:00 |t č. 1-12 |w 2026-02-21 |y PREZ | ||
| 952 | |0 0 |1 1 |4 0 |7 0 |a SNK |b SNK |d 1999-03-03 |l 0 |o snkČD 136/32/1982 |p 17A0184916 |r 2005-01-02 00:00:00 |t č. 1-12 |w 2026-02-21 |y PREZ | ||
| 952 | |0 0 |1 1 |4 0 |7 0 |a SNK |b SNK |d 1999-03-03 |l 0 |o snkČD 136/29/1979 |p 17A0184914 |r 2005-01-02 00:00:00 |t č. 1-12 |w 2026-02-21 |y PREZ | ||
| 952 | |0 0 |1 1 |4 0 |7 0 |a SNK |b SNK |d 2013-10-17 |l 0 |o snkČD 136/14/1964 |p 17A1023466 |r 2026-02-21 21:32:25 |w 2026-02-21 |y PREZ | ||
| 952 | |0 0 |1 1 |4 0 |7 0 |a SNK |b SNK |d 2013-10-17 |l 0 |o snkČD 136/12/1962 |p 17A1023512 |r 2026-02-21 21:32:25 |w 2026-02-21 |y PREZ | ||
| 952 | |0 0 |1 0 |4 0 |7 0 |a SNK |b SNK |d 2013-10-17 |i snkČIP 420/67 |l 0 |o snkČD 136/16/1966 |p 17A1023511 |r 2026-02-21 21:32:25 |w 2026-02-21 |y PREZ | ||
| 952 | |0 0 |1 1 |4 0 |7 0 |a SNK |b SNK |d 2013-10-16 |l 0 |o snkČD 136/5/1955 |p 17A1023526 |r 2026-02-21 21:32:39 |w 2026-02-21 |y PREZ | ||
| 952 | |0 0 |1 1 |4 0 |7 0 |a SNK |b SNK |d 2013-10-16 |l 0 |o snkČD 136/4/1954 |p 17A1023527 |r 2026-02-21 21:32:39 |w 2026-02-21 |y PREZ | ||
| 952 | |0 0 |1 1 |4 0 |7 0 |a SNK |b SNK |d 1996-11-26 |l 0 |o snkČD 136/37/1987 |p 17A0019729 |r 2005-01-01 00:00:00 |t č. 1-12 |w 2026-02-21 |y PREZ | ||
| 952 | |0 0 |1 0 |4 0 |7 0 |a SNK |b SNK |d 1996-11-26 |i snkČIP 955/92 |l 0 |o snkČD 136/40/1990 |p 17A0019683 |r 2005-01-01 00:00:00 |t č. 1-12 |w 2026-02-21 |y PREZ |z č. 1-12 | ||
| 952 | |0 0 |1 1 |4 0 |7 0 |a SNK |b SNK |d 1996-11-26 |l 0 |o snkČD 136/38/1988 |p 17A0019701 |r 2005-01-01 00:00:00 |t č. 1-12 |w 2026-02-21 |y PREZ | ||
| 952 | |0 0 |1 1 |4 0 |7 0 |a SNK |b SNK |d 1996-11-26 |l 0 |o snkČD 136/36/1986 |p 17A0019717 |r 2005-01-01 00:00:00 |t č. 1-12 |w 2026-02-21 |y PREZ | ||
| 952 | |0 0 |1 1 |4 0 |7 0 |a SNK |b SNK |d 1996-11-26 |l 0 |o snkČD 136/39/1989 |p 17A0019747 |r 2005-01-01 00:00:00 |t č. 1-12 |w 2026-02-21 |y PREZ | ||
| 952 | |0 0 |1 1 |4 0 |7 0 |a SNK |b SNK |d 1996-11-26 |l 0 |o snkČD 136/35/1985 |p 17A0019746 |r 2005-01-01 00:00:00 |t č. 1-12 |w 2026-02-21 |y PREZ | ||
| 952 | |0 0 |1 1 |4 0 |7 0 |a SNK |b SNK |d 1999-08-16 |l 0 |o snkČD 136/20/1970 |p 17A0206834 |r 2005-01-02 00:00:00 |t č. 1-12 |w 2026-02-21 |y PREZ | ||
| 952 | |0 0 |1 1 |4 0 |7 0 |a SNK |b SNK |d 1999-08-16 |l 0 |o snkČD 136/22/1972 |p 17A0206974 |r 2005-01-02 00:00:00 |t č. 1-12 |w 2026-02-21 |y PREZ | ||
| 952 | |0 0 |1 1 |4 0 |7 0 |a SNK |b SNK |d 2009-11-18 |i snkII. 433/54 |l 0 |o snkČD 136/3/1953 |p 17A0636443 |r 2026-02-21 21:41:37 |t č. 1-12 |w 2026-02-21 |y PREZ | ||
| 952 | |0 0 |1 0 |4 0 |7 0 |a SNK |b SNK |d 2013-11-23 |i snkČIP 182/73 |l 0 |o snkČD 136/21/1971 |p 17A1023129 |r 2026-02-21 21:43:26 |t č. 1-12 |w 2026-02-21 |y PREZ | ||
| 952 | |0 0 |1 1 |4 0 |7 0 |a SNK |b SNK |d 2013-11-23 |i snkČIP 1560/74 |l 0 |o snkČD 136/23/1973 |p 17A1023672 |r 2026-02-21 21:43:26 |t č. 1-12 |w 2026-02-21 |y PREZ | ||
| 952 | |0 0 |1 1 |4 0 |7 0 |a SNK |b SNK |d 2013-11-23 |i snkČIP 1480/79 |l 0 |o snkČD 136/19/1969 |p 17A1023671 |r 2026-02-21 21:43:26 |t č. 1-12 |w 2026-02-21 |y PREZ | ||


